Statistieken voor Vlag-vormen van Landen #1

Klik hier om de quiz te nemen!

Algemene statistieken

  • Deze quiz is 712 keer genomen
  • De gemiddelde score is 14 van 16

Antwoordstatistieken

Antwoord% Correct
India
99%
Italië
99%
Brazilië
98%
Griekenland
98%
Rusland
97%
Egypte
96%
Kroatië
96%
Mexico
96%
Nieuw-Zeeland
96%
Iran
92%
Saoedi-Arabië
92%
Uruguay
91%
Panama
88%
Mauritanië
71%
Brunei
67%
Liberia
66%

Scoreverdeling

Percentiel versus Aantal Correcte Antwoorden

Procent van Mensen met Elke Score

Uw Scoregeschiedenis

U heeft deze quiz nog niet genomen